Vivir con honor, o, morir con gloria : (Registro nro. 3815)
[ vista simple ]
| 000 -LEADER | |
|---|---|
| fixed length control field | 00958nam a2200217Ia 4500 |
| 003 - CONTROL NUMBER IDENTIFIER | |
| control field | OSt |
| 005 - DATE AND TIME OF LATEST TRANSACTION | |
| control field | 20200928161829.0 |
| 008 - FIXED-LENGTH DATA ELEMENTS--GENERAL INFORMATION | |
| fixed length control field | 191128t1994 ck gr 000 0 spa d |
| 040 ## - CATALOGING SOURCE | |
| Original cataloging agency | CO-JMCR |
| Transcribing agency | CO-JMCR |
| 041 0# - LANGUAGE CODE | |
| Language code of text/sound track or separate title | spa |
| 082 04 - DEWEY DECIMAL CLASSIFICATION NUMBER | |
| Classification number | 923.283 / |
| Item number | C119v |
| Edition number | 23 |
| 100 1# - MAIN ENTRY--PERSONAL NAME | |
| Personal name | Cacua Prada, Antonio, |
| Relator term | autor |
| 9 (RLIN) | 10932 |
| 245 10 - TITLE STATEMENT | |
| Title | Vivir con honor, o, morir con gloria : |
| Remainder of title | Bernardo O'Higgins Riquelme / |
| Statement of responsibility, etc. | Antonio Cacua Prada |
| 260 ## - PUBLICATION, DISTRIBUTION, ETC. | |
| Place of publication, distribution, etc. | Bogotá : |
| Name of publisher, distributor, etc. | Universidad Central, |
| Date of publication, distribution, etc. | ©1994 |
| 300 ## - PHYSICAL DESCRIPTION | |
| Extent | 356 Páginas ; |
| Dimensions | 21 cm. |
| 500 ## - GENERAL NOTE | |
| General note | Incluye datos biográficos del autor. |
| 505 0# - FORMATTED CONTENTS NOTE | |
| Formatted contents note | El libertador Bernardo O´Higgins / Jorge Enrique Molina Mariño -- La vida de O´higgins / Antonio Cucua Prada -- Chile y los O´Higgins -- O´Higgins -- Estancia en cadiz -- El retorno a Chile -- De alcalde a coronel |
| 600 14 - SUBJECT ADDED ENTRY--PERSONAL NAME | |
| Personal name | O'Higgins, Bernardo, |
| General subdivision | biografías |
| Chronological subdivision | 1778-1842 |
| 9 (RLIN) | 10933 |
| 651 #4 - SUBJECT ADDED ENTRY--GEOGRAPHIC NAME | |
| Geographic name | Chile |
| General subdivision | historia |
| Form subdivision | Guerra de independencia |
| Chronological subdivision | 1810-1824 |
| 9 (RLIN) | 10934 |
| 942 ## - ADDED ENTRY ELEMENTS (KOHA) | |
| Source of classification or shelving scheme | Dewey Decimal Classification |
| Koha item type | Books |
| Withdrawn status | Lost status | Source of classification or shelving scheme | Damaged status | Not for loan | Collection code | Home library | Current library | Date acquired | Source of acquisition | Total Checkouts | Full call number | Barcode | Date last seen | Date last checked out | Copy number | Koha item type |
|---|---|---|---|---|---|---|---|---|---|---|---|---|---|---|---|---|
| Dewey Decimal Classification | Non-fiction | Biblioteca Pública José María del Castillo y Rada | Biblioteca Pública José María del Castillo y Rada | 12/15/2017 | Donación | 1 | 923.283 / C119v | 201808295 | 08/22/2025 | 08/21/2025 | Ej.1 | Books |